[Event "Titled Tuesday intern op 1st Aug"]
[Site "Chess.com INT"]
[Date "2017.08.01"]
[Round "8"]
[White "Markosian, David S"]
[Black "Swayams, Mishra"]
[Result "0-1"]
[WhiteElo "2399"]
[BlackElo "2455"]
[PlyCount "86"]
[EventDate "2017.08.01"]
[EventType "swiss (blitz)"]
[EventRounds "10"]
[EventCountry "USA"]
[SourceTitle "EXT 2021"]
[Source "ChessBase"]
[SourceDate "2020.10.23"]
[SourceVersion "1"]
[SourceVersionDate "2020.10.23"]
[SourceQuality "1"]

1. d4 Nf6 2. Bg5 Ne4 3. h4 h6 4. Bf4 d5 5. Nd2 Nxd2 6. Qxd2 Bf5 7. e3 e6 8. Bd3 Bxd3 9. Qxd3 Bd6 10. Bxd6 cxd6 11. Nf3 Nc6 12. c3 Rb8 13. h5 0-0 14. Rh3 e5 15. Qf5 e4 16. Nd2 Ne7 17. Qf4 f5 18. Rg3 Kh8 19. Qh4 b5 20. a3 a5 21. f4 Rf6 22. Rh3 Qc7 23. g4 fxg4 24. Qxg4 Nf5 25. Rc1 b4 26. axb4 axb4 27. c4 b3 28. Kd1 Rc8 29. Rc3 Qa5 30. Nxb3 Qa4 31. c5 dxc5 32. dxc5 Rxc5 33. Rxc5 Qxb3+ 34. Kc1 Nxe3 35. Qc8+ Kh7 36. Rxe3 Qxe3+ 37. Kb1 Qd3+ 38. Ka2 Ra6+ 39. Qxa6 Qxa6+ 40. Kb1 Qd3+ 41. Ka2 e3 42. Rc3 Qxc3 43. bxc3 e2 0-1

[Event "Titled Tuesday intern Qual3 18th April"]
[Site "Chess.com INT"]
[Date "2017.04.18"]
[Round "3"]
[White "Markosian, David S"]
[Black "Donchenko, Alexander"]
[Result "1-0"]
[WhiteElo "2399"]
[BlackElo "2554"]
[PlyCount "53"]
[EventDate "2017.04.18"]
[EventType "swiss (blitz)"]
[EventRounds "10"]
[EventCountry "USA"]
[SourceTitle "EXT 2021"]
[Source "ChessBase"]
[SourceDate "2020.10.23"]
[SourceVersion "1"]
[SourceVersionDate "2020.10.23"]
[SourceQuality "1"]

1. e4 c5 2. Nf3 d6 3. d4 cxd4 4. Nxd4 Nf6 5. Nc3 a6 6. Bc4 e6 7. 0-0 Be7 8. Bb3 0-0 9. f4 b5 10. f5 e5 11. Nde2 Bb7 12. Ng3 Nbd7 13. Bg5 h6 14. Bxf6 Nxf6 15. Nh5 Nxh5 16. Qxh5 Rc8 17. Rad1 b4 18. Nd5 Bxd5 19. Rxd5 a5 20. Rd3 Bf6 21. Rfd1 Qe8 22. Rxd6 a4 23. Bd5 Bg5 24. h4 Be3+ 25. Kh1 Rxc2 26. f6 Qb8 27. Qg6 1-0

[Event "Titled Tuesday intern Qual3 18th April"]
[Site "Chess.com INT"]
[Date "2017.04.18"]
[Round "2"]
[White "Markosian, David S"]
[Black "Nasuta, Grzegorz"]
[Result "1-0"]
[WhiteElo "2399"]
[BlackElo "2447"]
[PlyCount "77"]
[EventDate "2017.04.18"]
[EventType "swiss (blitz)"]
[EventRounds "10"]
[EventCountry "USA"]
[SourceTitle "EXT 2021"]
[Source "ChessBase"]
[SourceDate "2020.10.23"]
[SourceVersion "1"]
[SourceVersionDate "2020.10.23"]
[SourceQuality "1"]

1. e4 c5 2. Nf3 d6 3. d4 cxd4 4. Nxd4 Nf6 5. Nc3 a6 6. Bc4 e6 7. 0-0 Be7 8. Bb3 0-0 9. f4 Qc7 10. f5 e5 11. Nde2 b5 12. Bg5 Nbd7 13. Ng3 Bb7 14. Nh5 Rfe8 15. Bxf6 Nxf6 16. Nxf6+ Bxf6 17. Nd5 Bxd5 18. Bxd5 Rac8 19. c3 b4 20. c4 Qc5+ 21. Kh1 Qd4 22. Qh5 Re7 23. b3 a5 24. Qe2 Ra7 25. Rad1 Qc5 26. Rd3 a4 27. Rfd1 axb3 28. axb3 Rb8 29. g3 Rb6 30. Kg2 Rba6 31. h4 h6 32. Kh3 Ra2 33. R3d2 Rxd2 34. Rxd2 Ra3 35. Rd3 Qg1 36. Qg2 Qxg2+ 37. Kxg2 Bd8 38. Bc6 Rxb3 39. Rxb3 1-0

[Event "Titled Tuesday intern Qual3 18th April"]
[Site "Chess.com INT"]
[Date "2017.04.18"]
[Round "7"]
[White "Oberholzer, Francois"]
[Black "Markosian, David S"]
[Result "0-1"]
[WhiteElo "2034"]
[BlackElo "2399"]
[PlyCount "100"]
[EventDate "2017.04.18"]
[EventType "swiss (blitz)"]
[EventRounds "10"]
[EventCountry "USA"]
[SourceTitle "EXT 2021"]
[Source "ChessBase"]
[SourceDate "2020.10.23"]
[SourceVersion "1"]
[SourceVersionDate "2020.10.23"]
[SourceQuality "1"]

1. e4 d6 2. d4 Nf6 3. Nc3 e5 4. dxe5 dxe5 5. Qxd8+ Kxd8 6. Bc4 Be6 7. Bxe6 fxe6 8. Be3 Nbd7 9. f3 Bd6 10. 0-0-0 a6 11. Nge2 Ke7 12. h4 b5 13. h5 Rhb8 14. g4 Rf8 15. g5 Ne8 16. Rhf1 g6 17. Ng3 Ng7 18. Rf2 Nxh5 19. Nxh5 gxh5 20. Rh1 Rf7 21. Rxh5 Raf8 22. Rh3 Bc5 23. Bxc5+ Nxc5 24. b4 Nd7 25. Kd2 Rg8 26. Rg2 Nf8 27. Ke3 Ng6 28. Rgh2 Rgg7 29. a4 c6 30. axb5 axb5 31. Rh1 Nf4 32. Rg3 Rg6 33. Ra1 Rfg7 34. Ra6 Kd6 35. Nxb5+ Kd7 36. Ra7+ Kd8 37. Rxg7 Rxg7 38. Nd6 Kc7 39. Nc4 Ng6 40. Rg2 Nf4 41. Rg4 Ng6 42. Rg2 Nf4 43. Rg3 Ng6 44. Rg1 Kb7 45. c3 Rg8 46. Rd1 Kc7 47. Rd6 Nf4 48. Rd1 Rxg5 49. Rh1 h5 50. Rh4 Ng2+ 0-1

[Event "Titled Tuesday intern Qual1 4th April"]
[Site "Chess.com INT"]
[Date "2017.04.04"]
[Round "7"]
[White "Dang, Hoang Son"]
[Black "Markosian, David S"]
[Result "1-0"]
[WhiteElo "2304"]
[BlackElo "2399"]
[PlyCount "61"]
[EventDate "2017.04.04"]
[EventType "swiss (blitz)"]
[EventRounds "10"]
[EventCountry "USA"]
[SourceTitle "EXT 2021"]
[Source "ChessBase"]
[SourceDate "2020.10.23"]
[SourceVersion "1"]
[SourceVersionDate "2020.10.23"]
[SourceQuality "1"]

1. d4 Nf6 2. c4 g6 3. Nc3 Bg7 4. e4 d6 5. Nf3 0-0 6. h3 e5 7. d5 a5 8. g4 Na6 9. Be3 Nd7 10. a3 Nb6 11. Rg1 Kh8 12. Be2 Nc5 13. Nd2 a4 14. Kf1 f5 15. gxf5 gxf5 16. Bxc5 dxc5 17. Ke1 Qh4 18. Nf3 Qxh3 19. Ng5 Qh2 20. Kd2 Bh6 21. Kc2 Qxf2 22. Qd3 fxe4 23. Ncxe4 Qd4 24. Nxh7 Qxe4 25. Nxf8 Qxd3+ 26. Bxd3 Bxf8 27. Rh1+ Kg8 28. Rag1+ Kf7 29. Rf1+ Ke8 30. Bg6+ Ke7 31. Rh7+ 1-0

[Event "Titled Tuesday intern Qual1 4th April"]
[Site "Chess.com INT"]
[Date "2017.04.04"]
[Round "1"]
[White "Grigoriants, Sergey"]
[Black "Markosian, David S"]
[Result "1/2-1/2"]
[WhiteElo "2576"]
[BlackElo "2399"]
[PlyCount "85"]
[EventDate "2017.04.04"]
[EventType "swiss (blitz)"]
[EventRounds "10"]
[EventCountry "USA"]
[SourceTitle "EXT 2021"]
[Source "ChessBase"]
[SourceDate "2020.10.23"]
[SourceVersion "1"]
[SourceVersionDate "2020.10.23"]
[SourceQuality "1"]

1. e4 d6 2. d4 Nf6 3. Nc3 e5 4. Nf3 Nbd7 5. Bc4 Be7 6. a4 0-0 7. 0-0 a5 8. Re1 c6 9. b3 exd4 10. Nxd4 d5 11. exd5 Bb4 12. Bd2 Nb6 13. Qf3 Nfxd5 14. Bxd5 Nxd5 15. Rad1 Nxc3 16. Bxc3 Bxc3 17. Qxc3 Qf6 18. h3 Bf5 19. Qf3 Bg6 20. Qxf6 gxf6 21. f4 c5 22. f5 cxd4 23. fxg6 hxg6 24. Rxd4 Rfd8 25. Red1 Rxd4 26. Rxd4 f5 27. Rd7 b6 28. Rd6 Rb8 29. Kf2 b5 30. Ke3 bxa4 31. bxa4 Rb2 32. Kd3 Ra2 33. Rd4 Kf8 34. g4 Ra3+ 35. c3 fxg4 36. hxg4 Ke7 37. Kc2 Ra1 38. Kb3 Ke6 39. Re4+ Kd6 40. Rf4 Ke6 41. Re4+ Kd6 42. Rf4 Ke6 43. Re4+ 1/2-1/2

[Event "Titled Tuesday intern Qual1 4th April"]
[Site "Chess.com INT"]
[Date "2017.04.04"]
[Round "4"]
[White "Lagumina, Giulio"]
[Black "Markosian, David S"]
[Result "0-1"]
[WhiteElo "2238"]
[BlackElo "2399"]
[PlyCount "64"]
[EventDate "2017.04.04"]
[EventType "swiss (blitz)"]
[EventRounds "10"]
[EventCountry "USA"]
[SourceTitle "EXT 2021"]
[Source "ChessBase"]
[SourceDate "2020.10.23"]
[SourceVersion "1"]
[SourceVersionDate "2020.10.23"]
[SourceQuality "1"]

1. e4 d6 2. d4 Nf6 3. Nc3 e5 4. Nge2 Nc6 5. f3 exd4 6. Nxd4 Be7 7. Be3 0-0 8. Qd2 d5 9. Nxc6 bxc6 10. e5 Nd7 11. f4 Nc5 12. 0-0-0 Rb8 13. Be2 a5 14. g4 Rb4 15. f5 Ne4 16. Nxe4 Rxe4 17. f6 gxf6 18. Bh6 fxe5 19. Bd3 Rxg4 20. Rhg1 Rg6 21. Bxg6 fxg6 22. Bxf8 Bxf8 23. Qe1 Bg7 24. h4 a4 25. a3 Bf5 26. h5 e4 27. hxg6 hxg6 28. Qb4 Qe8 29. Rde1 Qe5 30. c3 e3 31. Qxa4 Qh2 32. Rgf1 Qd2# 0-1

[Event "Tatry op"]
[Site "Tatranske Zruby"]
[Date "2009.10.01"]
[Round "6"]
[White "Bakalar, Jan"]
[Black "Markosian, David S"]
[Result "1-0"]
[WhiteElo "2120"]
[BlackElo "2428"]
[PlyCount "53"]
[EventDate "2009.09.27"]
[EventType "swiss"]
[EventRounds "9"]
[EventCountry "SVK"]
[SourceTitle "EXT 2011"]
[Source "ChessBase"]
[SourceDate "2010.11.26"]
[SourceVersion "1"]
[SourceVersionDate "2010.11.26"]
[SourceQuality "1"]

1. e4 d6 2. d4 Nf6 3. Nc3 e5 4. Nge2 Nc6 5. f3 exd4 6. Nxd4 Be7 7. Nxc6 bxc6 8. Bc4 0-0 9. 0-0 a5 10. Kh1 Bb7 11. Bg5 Nxe4 12. Bxe7 Ng3+ 13. hxg3 Qxe7 14. Qd2 d5 15. Bd3 c5 16. Rae1 Qd8 17. Qf4 c4 18. Bf5 Ra6 19. Bh3 a4 20. Re5 a3 21. b3 cxb3 22. cxb3 Qd6 23. Rfe1 Qc5 24. Na4 Qa5 25. Qc1 Bc6 26. Qxa3 g6 27. Qc1 1-0

[Event "Muhamedzjanov Memorial 6th"]
[Site "Nabereznye Chelny"]
[Date "2009.05.27"]
[Round "9"]
[White "Markosian, David S"]
[Black "Andreev, Eduard"]
[Result "1/2-1/2"]
[WhiteElo "2444"]
[BlackElo "2458"]
[PlyCount "35"]
[EventDate "2009.05.21"]
[EventType "tourn"]
[EventRounds "10"]
[EventCountry "RUS"]
[SourceTitle "EXT 2010"]
[Source "ChessBase"]
[SourceDate "2010.11.25"]
[SourceVersion "1"]
[SourceVersionDate "2010.11.25"]
[SourceQuality "1"]

1. e4 e6 2. Qe2 c5 3. Nf3 Nc6 4. g3 d6 5. Bg2 Nf6 6. 0-0 Be7 7. d3 0-0 8. c3 Rb8 9. d4 cxd4 10. cxd4 d5 11. e5 Ne4 12. Nbd2 Nxd2 13. Bxd2 Bd7 14. Be3 Qb6 15. Rfc1 Rbc8 16. Bf1 Rc7 17. Rc3 a6 18. Rac1 1/2-1/2

[Event "San Sebastian op 32nd"]
[Site "San Sebastian"]
[Date "2009.04.06"]
[Round "3"]
[White "Markosian, David S"]
[Black "Diaz Herrero, Alvaro"]
[Result "1-0"]
[WhiteElo "2444"]
[BlackElo "2121"]
[PlyCount "109"]
[EventDate "2009.04.04"]
[EventType "swiss"]
[EventRounds "9"]
[EventCountry "ESP"]
[SourceTitle "CBM 129 Extra"]
[Source "ChessBase"]
[SourceDate "2009.05.05"]
[SourceVersion "2"]
[SourceVersionDate "2009.05.20"]
[SourceQuality "1"]

1. d4 Nf6 2. Nf3 e6 3. Bf4 c5 4. e3 b6 5. Bd3 Bb7 6. h3 Be7 7. 0-0 0-0 8. Nbd2 d5 9. c3 Ba6 10. Bxa6 Nxa6 11. Qa4 Nb8 12. b4 Qd7 13. Qxd7 Nfxd7 14. bxc5 bxc5 15. Rfb1 Nc6 16. Rb7 Rfd8 17. Bc7 Rdc8 18. Nb3 Kf8 19. Na5 Nxa5 20. Bxa5 Ke8 21. Ne5 Nxe5 22. dxe5 Rcb8 23. Rab1 Rxb7 24. Rxb7 Bd8 25. Bxd8 Rxd8 26. Rxa7 Rb8 27. Ra5 c4 28. e4 Rb1+ 29. Kh2 Rc1 30. exd5 exd5 31. Rxd5 Rxc3 32. Rc5 Rc2 33. Kg3 Rxa2 34. Rxc4 Ke7 35. f4 g6 36. Kf3 h5 37. Rc7+ Ke6 38. Rc6+ Ke7 39. f5 g5 40. Rc7+ Ke8 41. f6 g4+ 42. hxg4 hxg4+ 43. Kg3 Re2 44. Re7+ Kf8 45. Rb7 Ke8 46. Rb8+ Kd7 47. Rf8 Ke6 48. Re8+ Kf5 49. Re7 Rxe5 50. Rxf7 Re3+ 51. Kh4 Re2 52. Re7 Rxg2 53. f7 Rh2+ 54. Kg3 Rh8 55. Re8 1-0

[Event "Tatry op"]
[Site "Tatranske Zruby"]
[Date "2008.10.04"]
[Round "9"]
[White "Sikora, Jan"]
[Black "Markosian, David S"]
[Result "1-0"]
[WhiteElo "2241"]
[BlackElo "2501"]
[PlyCount "55"]
[EventDate "2008.09.27"]
[EventType "swiss"]
[EventRounds "9"]
[EventCountry "SVK"]
[SourceTitle "CBM 126 Extra"]
[Source "ChessBase"]
[SourceDate "2008.11.05"]
[SourceVersion "1"]
[SourceVersionDate "2008.11.05"]
[SourceQuality "1"]

1. e4 g6 2. d4 Bg7 3. Nc3 d6 4. f4 a6 5. Nf3 b5 6. Bd3 Bb7 7. 0-0 Nd7 8. e5 e6 9. Ne4 Bxe4 10. Bxe4 d5 11. Bd3 c5 12. c3 Ne7 13. g4 h5 14. f5 gxf5 15. gxf5 exf5 16. Kh1 Qb6 17. Bg5 f6 18. exf6 Nxf6 19. dxc5 Qxc5 20. Nd4 Qd6 21. Qf3 0-0 22. Rae1 Ng4 23. Bf4 Ne5 24. Bxe5 Bxe5 25. Rg1+ Bg7 26. Ne6 Rf7 27. Qg2 f4 28. Qxg7+ 1-0

[Event "Tatry op"]
[Site "Tatranske Zruby"]
[Date "2008.09.29"]
[Round "3"]
[White "Markosian, David S"]
[Black "Kleman, Miroslav"]
[Result "1-0"]
[WhiteElo "2501"]
[BlackElo "2147"]
[PlyCount "119"]
[EventDate "2008.09.27"]
[EventType "swiss"]
[EventRounds "9"]
[EventCountry "SVK"]
[SourceTitle "CBM 126 Extra"]
[Source "ChessBase"]
[SourceDate "2008.11.05"]
[SourceVersion "1"]
[SourceVersionDate "2008.11.05"]
[SourceQuality "1"]

1. Nf3 Nf6 2. d4 d6 3. c4 Nbd7 4. Nc3 e5 5. Bg5 Be7 6. e3 c6 7. Qc2 h6 8. Bh4 Nh5 9. Bxe7 Qxe7 10. 0-0-0 g6 11. g4 Ng7 12. h3 a6 13. Bg2 0-0 14. Nd2 Nf6 15. Rhe1 h5 16. g5 Nh7 17. f4 Qc7 18. Nde4 exf4 19. exf4 Bf5 20. d5 c5 21. a3 Rab8 22. Bf1 Qd7 23. Qa4 Rfd8 24. Qxd7 Rxd7 25. Re3 Kf8 26. Rde1 Bxe4 27. Rxe4 Nf5 28. Bd3 Re7 29. Rxe7 Nxe7 30. b4 b6 31. Kc2 Ke8 32. Rb1 cxb4 33. axb4 Kd7 34. Ra1 Ra8 35. Nb5 Nf8 36. Nd4 Kc7 37. Re1 Kd7 38. Nc6 Nxc6 39. dxc6+ Kd8 40. f5 Rc8 41. b5 axb5 42. cxb5 gxf5 43. Bxf5 Rc7 44. h4 Ra7 45. Kb3 Ra5 46. Kb4 Ra2 47. Rd1 Kc7 48. Rf1 Rh2 49. Rf4 d5 50. Bd3 Kd6 51. Rxf7 Rxh4+ 52. Kc3 Ne6 53. Rd7+ Ke5 54. c7 Nxc7 55. Rxc7 Rg4 56. g6 h4 57. Rh7 Kf4 58. g7 Kg3 59. Bf5 Rg5 60. Be6 1-0

[Event "Davos op"]
[Site "Davos"]
[Date "2008.08.14"]
[Round "5"]
[White "Curien, Nicolas"]
[Black "Markosian, David S"]
[Result "0-1"]
[WhiteElo "2235"]
[BlackElo "2501"]
[PlyCount "70"]
[EventDate "2008.08.10"]
[EventType "swiss"]
[EventRounds "7"]
[EventCountry "SUI"]
[SourceTitle "CBM 126 Extra"]
[Source "ChessBase"]
[SourceDate "2008.11.05"]
[SourceVersion "1"]
[SourceVersionDate "2008.11.05"]
[SourceQuality "1"]

1. d4 d6 2. e4 Nf6 3. Nc3 e5 4. dxe5 dxe5 5. Qxd8+ Kxd8 6. Bg5 Be6 7. g3 Kc8 8. 0-0-0 Nfd7 9. Bh3 Bxh3 10. Nxh3 Bc5 11. Nd5 Nc6 12. Be3 f6 13. c3 a5 14. g4 h6 15. Rhe1 b6 16. f4 Bxe3+ 17. Rxe3 Re8 18. f5 Ne7 19. Nxe7+ Rxe7 20. Nf2 c6 21. h4 Kc7 22. g5 hxg5 23. hxg5 Rh8 24. Rh1 Rxh1+ 25. Nxh1 fxg5 26. Nf2 Nf6 27. Rg3 g4 28. Nxg4 Nxe4 29. Re3 Nd6 30. f6 gxf6 31. Nxf6 e4 32. Kc2 Re6 33. Ng4 Rg6 34. Rg3 Nf5 35. Rg2 Rxg4 0-1

[Event "Muhamedzjanov Memorial 5th"]
[Site "Nabereznye Chelny"]
[Date "2008.06.17"]
[Round "8"]
[White "Solodovnichenko, Yuri"]
[Black "Markosian, David S"]
[Result "1-0"]
[WhiteElo "2538"]
[BlackElo "2501"]
[PlyCount "65"]
[EventDate "2008.06.11"]
[EventType "tourn"]
[EventRounds "10"]
[EventCountry "RUS"]
[EventCategory "9"]
[SourceTitle "CBM 124 Extra"]
[Source "ChessBase"]
[SourceDate "2008.07.03"]
[SourceVersion "1"]
[SourceVersionDate "2008.07.03"]
[SourceQuality "1"]

1. e4 d6 2. d4 g6 3. Nc3 Bg7 4. Be3 Nf6 5. Qd2 Nc6 6. Bb5 0-0 7. Nge2 Bd7 8. Bh6 e5 9. Bxg7 Kxg7 10. 0-0-0 exd4 11. Nxd4 Re8 12. f3 Nxd4 13. Qxd4 Bc6 14. h4 Kg8 15. g4 Qe7 16. Bxc6 bxc6 17. h5 g5 18. h6 Qe5 19. Qc4 c5 20. Kb1 Rab8 21. a3 Rb7 22. Rd3 Qe6 23. Nd5 Nd7 24. Qa6 Reb8 25. Rb3 Rxb3 26. cxb3 Rxb3 27. Qc8+ Nf8 28. Qd8 f6 29. Qxc7 Qf7 30. Qxd6 Rxf3 31. Qxc5 Qb7 32. Qc4 Qf7 33. Ne7+ 1-0

[Event "Muhamedzjanov Memorial 5th"]
[Site "Nabereznye Chelny"]
[Date "2008.06.16"]
[Round "7"]
[White "Markosian, David S"]
[Black "Ponkratov, Pavel"]
[Result "1/2-1/2"]
[WhiteElo "2501"]
[BlackElo "2499"]
[PlyCount "78"]
[EventDate "2008.06.11"]
[EventType "tourn"]
[EventRounds "10"]
[EventCountry "RUS"]
[EventCategory "9"]
[SourceTitle "CBM 124 Extra"]
[Source "ChessBase"]
[SourceDate "2008.07.03"]
[SourceVersion "1"]
[SourceVersionDate "2008.07.03"]
[SourceQuality "1"]

1. Nf3 Nf6 2. c4 c5 3. g3 Nc6 4. Bg2 d5 5. cxd5 Nxd5 6. d4 cxd4 7. Nxd4 Ndb4 8. Nxc6 Qxd1+ 9. Kxd1 Nxc6 10. Bxc6+ bxc6 11. Be3 Bf5 12. Nd2 g6 13. Rc1 Bg7 14. Nc4 0-0 15. f3 a5 16. Ke1 a4 17. Kf2 Rab8 18. Rhd1 Bxb2 19. Nxb2 Rxb2 20. a3 Ra2 21. Bc5 f6 22. Rd4 Rb8 23. g4 Be6 24. Rxa4 Rbb2 25. Re4 Kf7 26. Bb4 Rc2 27. Rxc2 Rxc2 28. Re3 c5 29. Rc3 cxb4 30. Rxc2 bxa3 31. Rc3 a2 32. Ra3 Bc4 33. Ke3 g5 34. f4 gxf4+ 35. Kxf4 Kg6 36. h4 e5+ 37. Kf3 Bd5+ 38. e4 Be6 39. Ra7 h5 1/2-1/2

[Event "Muhamedzjanov Memorial 5th"]
[Site "Nabereznye Chelny"]
[Date "2008.06.15"]
[Round "6"]
[White "Dimukhametov, Artur"]
[Black "Markosian, David S"]
[Result "1/2-1/2"]
[WhiteElo "2295"]
[BlackElo "2501"]
[PlyCount "29"]
[EventDate "2008.06.11"]
[EventType "tourn"]
[EventRounds "10"]
[EventCountry "RUS"]
[EventCategory "9"]
[SourceTitle "CBM 124 Extra"]
[Source "ChessBase"]
[SourceDate "2008.07.03"]
[SourceVersion "1"]
[SourceVersionDate "2008.07.03"]
[SourceQuality "1"]

1. Nf3 d6 2. c4 g6 3. e3 Bg7 4. Nc3 Nf6 5. b3 0-0 6. Bb2 e5 7. Be2 Nbd7 8. Qc2 Re8 9. d4 c6 10. h3 h5 11. 0-0-0 Qe7 12. Rhg1 Nf8 13. Ba3 e4 14. Nd2 N8h7 15. g4 1/2-1/2

[Event "Muhamedzjanov Memorial 5th"]
[Site "Nabereznye Chelny"]
[Date "2008.06.11"]
[Round "1"]
[White "Markosian, David S"]
[Black "Dimukhametov, Artur"]
[Result "1/2-1/2"]
[WhiteElo "2501"]
[BlackElo "2295"]
[PlyCount "32"]
[EventDate "2008.06.11"]
[EventType "tourn"]
[EventRounds "10"]
[EventCountry "RUS"]
[EventCategory "9"]
[SourceTitle "CBM 124 Extra"]
[Source "ChessBase"]
[SourceDate "2008.07.03"]
[SourceVersion "1"]
[SourceVersionDate "2008.07.03"]
[SourceQuality "1"]

1. Nf3 c5 2. c4 e6 3. Nc3 Nf6 4. g3 b6 5. Bg2 Bb7 6. 0-0 Be7 7. d4 cxd4 8. Qxd4 d6 9. b3 a6 10. Ba3 0-0 11. Rfd1 Ne8 12. Ne4 Nc6 13. Qd2 Qc7 14. Qf4 Rd8 15. Nc3 Nf6 16. Rac1 Qb8 1/2-1/2

[Event "Tatry op"]
[Site "Tatranske Zruby"]
[Date "2007.09.28"]
[Round "8"]
[White "Bargel, Martin"]
[Black "Markosian, David S"]
[Result "0-1"]
[WhiteElo "2140"]
[BlackElo "2343"]
[PlyCount "55"]
[EventDate "2007.09.22"]
[EventType "swiss"]
[EventRounds "9"]
[EventCountry "SVK"]
[SourceTitle "CBM 120 Extra"]
[Source "ChessBase"]
[SourceDate "2007.11.01"]
[SourceVersion "1"]
[SourceVersionDate "2007.11.01"]
[SourceQuality "1"]

1. e4 g6 2. d4 Bg7 3. c3 d6 4. Nf3 Nf6 5. Bd3 0-0 6. 0-0 Nc6 7. h3 e5 8. Re1 h6 9. Nbd2 Nh5 10. Nb3 Qf6 11. Bf1 Re8 12. d5 Nb8 13. g3 Qe7 14. Nh2 Nf6 15. Bg2 Nbd7 16. Be3 Nh7 17. Qd2 h5 18. Nf3 Ndf6 19. Nh4 Kh8 20. Na5 Ng8 21. b4 Bf6 22. Nf3 Qf8 23. c4 Be7 24. Qc3 f5 25. Rad1 Ngf6 26. Nh4 Qg7 27. f3 Rg8 28. Bf2 0-1

[Event "Tatry op"]
[Site "Tatranske Zruby"]
[Date "2007.09.27"]
[Round "7"]
[White "Markosian, David S"]
[Black "Smith, Axel"]
[Result "0-1"]
[WhiteElo "2343"]
[BlackElo "2271"]
[PlyCount "162"]
[EventDate "2007.09.22"]
[EventType "swiss"]
[EventRounds "9"]
[EventCountry "SVK"]
[SourceTitle "CBM 120 Extra"]
[Source "ChessBase"]
[SourceDate "2007.11.01"]
[SourceVersion "1"]
[SourceVersionDate "2007.11.01"]
[SourceQuality "1"]

1. e4 c5 2. Nf3 Nc6 3. d3 g6 4. g3 Bg7 5. Bg2 e5 6. c3 Nge7 7. a3 a5 8. a4 0-0 9. Na3 d5 10. exd5 Nxd5 11. 0-0 Bf5 12. Ng5 Nde7 13. Ne4 b6 14. Re1 Qd7 15. Nc4 Rab8 16. f4 Rfd8 17. Ned6 Be6 18. fxe5 Nxe5 19. Nxe5 Bxe5 20. Rxe5 Qxd6 21. Bf4 Qd7 22. Bg5 Re8 23. Qf3 Nf5 24. g4 Ng7 25. Qf6 Rf8 26. Bh6 Ne8 27. Qf4 Ng7 28. d4 cxd4 29. cxd4 f6 30. Re3 g5 31. Qf2 Bxg4 32. d5 Rf7 33. Bxg7 Kxg7 34. Rae1 Qd6 35. Rg3 Bd7 36. Qd4 h6 37. Rge3 b5 38. axb5 Rxb5 39. b3 Rb4 40. Qc3 Rh4 41. h3 a4 42. bxa4 Rxa4 43. Qb2 Qb4 44. Qxb4 Rxb4 45. Re7 Rd4 46. R7e3 f5 47. Ra3 h5 48. Ra6 g4 49. hxg4 hxg4 50. Re5 Ra4 51. Rb6 Ra8 52. Bf1 Re8 53. Rxe8 Bxe8 54. Bd3 Bd7 55. Kf2 f4 56. Rg6+ Kf8 57. d6 g3+ 58. Ke1 Bf5 59. Bxf5 Rxf5 60. Kf1 Ke8 61. Kg2 f3+ 62. Kf1 g2+ 63. Kf2 Kd7 64. Rg8 Kxd6 65. Rd8+ Ke7 66. Rg8 Kf7 67. Rg4 Kf6 68. Rg3 Ke6 69. Rg8 Kf7 70. Rg4 Rf6 71. Rg3 Rf4 72. Rg5 Kf6 73. Rg8 Rf5 74. Rf8+ Ke5 75. Rg8 Kf4 76. Rg3 Ke5 77. Rg8 Ke4 78. Rg4+ Kd5 79. Rg8 Ke6 80. Rg4 Kf6 81. Rg8 Rg5 0-1

[Event "Tatry op"]
[Site "Tatranske Zruby"]
[Date "2007.09.26"]
[Round "6"]
[White "Antoniewski, Rafal"]
[Black "Markosian, David S"]
[Result "1-0"]
[WhiteElo "2512"]
[BlackElo "2343"]
[PlyCount "139"]
[EventDate "2007.09.22"]
[EventType "swiss"]
[EventRounds "9"]
[EventCountry "SVK"]
[SourceTitle "CBM 120 Extra"]
[Source "ChessBase"]
[SourceDate "2007.11.01"]
[SourceVersion "1"]
[SourceVersionDate "2007.11.01"]
[SourceQuality "1"]

1. e4 d6 2. d4 Nf6 3. Nc3 e5 4. Nf3 exd4 5. Nxd4 Be7 6. g3 0-0 7. Bg2 Nc6 8. Nde2 Bd7 9. h3 Re8 10. 0-0 Bf8 11. Nf4 a6 12. Re1 Ne5 13. b3 b5 14. Bb2 c6 15. Nd3 Qb6 16. a4 Rad8 17. axb5 axb5 18. Re2 Bc8 19. Kh2 Qb8 20. f4 Ng6 21. Qe1 Bb7 22. Nd1 Nd7 23. Ne3 c5 24. Nf2 Be7 25. Ra5 Bc6 26. Qa1 Bf8 27. Nf5 f6 28. Rd2 Nb6 29. Ra6 Rd7 30. h4 Nh8 31. h5 h6 32. Qd1 Qb7 33. Ra5 Qc7 34. Ra1 Kh7 35. Qg4 Rf7 36. Rad1 Nc8 37. Qh4 Bd7 38. Bh3 Bc6 39. Ne3 Kg8 40. Bf5 Nb6 41. Kg1 Bd7 42. Qg4 Bc8 43. Bxc8 Nxc8 44. Nd5 Qd8 45. Ra1 Nb6 46. Ne3 Qc7 47. Nf5 Kh7 48. Rad1 Nc8 49. Qe2 Qc6 50. c4 bxc4 51. bxc4 Rb7 52. Qd3 Kg8 53. Re2 Nf7 54. Ng4 Kh8 55. Rde1 Ne7 56. Nh4 Qa4 57. Bc3 Rb3 58. Re3 Qa3 59. Ng6+ Kg8 60. Qc2 Nf5 61. exf5 Rxc3 62. Qxc3 Qxc3 63. Rxc3 Rxe1+ 64. Kf2 Re8 65. Rb3 Nd8 66. Rb8 Kf7 67. Ne3 Nc6 68. Nh8+ Ke7 69. Nd5+ Kd7 70. Rb7+ 1-0

[Event "Tatry op"]
[Site "Tatranske Zruby"]
[Date "2007.09.25"]
[Round "5"]
[White "Belunek, Vladimir"]
[Black "Markosian, David S"]
[Result "0-1"]
[WhiteElo "2288"]
[BlackElo "2343"]
[PlyCount "60"]
[EventDate "2007.09.22"]
[EventType "swiss"]
[EventRounds "9"]
[EventCountry "SVK"]
[SourceTitle "CBM 120 Extra"]
[Source "ChessBase"]
[SourceDate "2007.11.01"]
[SourceVersion "1"]
[SourceVersionDate "2007.11.01"]
[SourceQuality "1"]

1. d4 Nf6 2. c4 g6 3. Nc3 Bg7 4. e4 d6 5. Be2 0-0 6. Nf3 e5 7. 0-0 a5 8. Re1 Nc6 9. d5 Ne7 10. Nd2 Nd7 11. Rb1 f5 12. a3 Kh8 13. b4 Ng8 14. Qc2 Ndf6 15. Bd3 Nh5 16. g3 f4 17. c5 axb4 18. axb4 Nh6 19. Nc4 Bh3 20. Bf1 Bxf1 21. Rxf1 g5 22. Qd3 g4 23. Bd2 Qe7 24. cxd6 cxd6 25. Ra1 Nf7 26. Rxa8 Rxa8 27. f3 fxg3 28. fxg4 Qh4 29. hxg3 Nxg3 30. Rxf7 Ra1+ 0-1

[Event "Mozhaisk"]
[Site "Mozhaisk"]
[Date "2007.09.10"]
[Round "6"]
[White "Kostic, Filip"]
[Black "Markosian, David S"]
[Result "1/2-1/2"]
[WhiteElo "2291"]
[BlackElo "2343"]
[PlyCount "24"]
[EventDate "2007.09.07"]
[EventType "tourn"]
[EventRounds "11"]
[EventCountry "RUS"]
[EventCategory "2"]
[SourceTitle "EXT 2009"]
[Source "ChessBase"]
[SourceDate "2008.11.26"]
[SourceVersion "1"]
[SourceVersionDate "2008.11.26"]
[SourceQuality "1"]

1. d4 Nf6 2. c4 g6 3. Nc3 Bg7 4. e4 d6 5. Nf3 0-0 6. Be2 e5 7. 0-0 exd4 8. Nxd4 Re8 9. f3 Nc6 10. Be3 Nh5 11. g4 Be5 12. gxh5 Bxh2+ 1/2-1/2